000 02526cam a22005414i 4500
003 PE-LiUPU
005 20250731165508.0
008 150623s r 000 0 d
020 _a1841270997
035 _a(Sirsi) i9781841270999
040 _aPE-LiUPU
_bspa
_cPE-LiUPU
_erda
049 _aPRUA
100 1 _aPury, Albert de,
_eed.,
_eautor.
245 1 0 _aIsrael contructs its history :
_bDeuteronomistic historiography in recent research.
_n306 /
_cAlbert de Pury.
264 1 _aSheffield, England :
_bSheffield Academic Press,
_c2000.
300 _a504 páginas ;
_c24 centímetros
336 _atext
_2rdacontent
337 _aunmediated
_2rdamedia
338 _avolume
_2rdacarrier
490 0 _aJournal for the Study of the O.T. Supplement Series ;
_v306
504 _aBibliografía al pie de páginas.
505 0 _aAncient histography. -Textual criticism and literary criticism. -Diachronic and synchronic methods. -The sources of deuteronomistic historiography. -The milieus of the deuteronomists. -Deuteronomistic ideology and theology of the Old Testament.
526 _aSEG44
526 _aSEG26
526 _aP151
526 _aP150
526 _aP149
526 _aP146
526 _aP145
526 _aP126
526 _aP125
526 _aP92
526 _aP75
526 _aP74
526 _aP27
526 _aP15
630 _aBiblia.
_pA.T.
_pDeuteronomio
_xComentarios.
630 _aBiblia.
_pA.T.
_pReyes II
_xComentarios.
942 _2ddc
_cBOOK
949 _aRC 221.07 J 306
_wDEWEY
_c1
_i48022
_d2015-11-24
_lCCODEBUL1
_mBUL
_q2
_r0
_sY
_tBOOK
_u2015-6-24
_xTEOLOGIA
_zUNKNOWN
_0COMPRA
_o.CIRCNOTE. No olvidar cambiar la fecha de devolución!!!!!!!
_o.STAFF. Colección General
949 _aRC 221.07 J 306
_wDEWEY
_c2
_i48021
_d2015-11-24
_lCCODEBUL1
_mBUL
_q1
_r0
_sY
_tBOOK
_u2015-6-24
_xTEOLOGIA
_PP35
_0COMPRA
_o.CIRCNOTE. No olvidar cambiar la fecha de devolución!!!!!!!
_o.STAFF. Colección General
994 _aC0
_bPEPRU
596 _a1
999 _aRC 221.07 J 306
_wDEWEY
_c25574
_i48022
_d25574
_f2021-11-8
_g6
_lCCODEBUL1
_mBUL
_q2
_r1
_sY
_tBOOK
_u2015-6-24
_xTEOLOGIA
_zUNKNOWN
_0COMPRA
_o.CIRCNOTE. No olvidar cambiar la fecha de devolución!!!!!!!
_o.STAFF. Colección General
999 _aRC 221.07 J 306
_wDEWEY
_c2
_i48021
_d2015-11-24
_f2021-11-8
_g6
_lCCODEBUL1
_mBUL
_q1
_r1
_sY
_tBOOK
_u2015-6-24
_xTEOLOGIA
_PP35
_0COMPRA
_o.CIRCNOTE. No olvidar cambiar la fecha de devolución!!!!!!!
_o.STAFF. Colección General
980 _81
_gALBERTO SANCHEZ Responsable de Automatización